Norwegian municipalities w/ peaks over 2000m - Statistics

General Stats
  • This quiz has been taken 16 times
  • The average score is 6 of 10
Answer Stats
# of peaks Answer % Correct
16 Dovre
100%
66 Lom
100%
9 Skjåk
62%
4 Lesja
54%
3 Sel
54%
15 Vang
54%
4 Folldal
46%
22 Luster
46%
29 Vågå
46%
14 Årdal
23%
No matching quizzes found
Score Distribution
Percent of People with Each Score
Percentile by Number Answered
Your Score History
You have not taken this quiz